LEADER 01495nam0 22003973i 450 001 SBL0438669 005 20231121125824.0 020 $aIT$b7211597 100 $a20030313d1972 ||||0itac50 ba 101 | $aita 102 $ait 181 1$6z01$ai $bxxxe 182 1$6z01$an 200 1 $aArmi e armature$fFrederick Wilkinson$gillustrazioni di John H. Batchelor e Arthur Gay 210 $aMilano$cA. Mondadori$d1972 215 $a159 p.$cill.$d18 cm 225 | $a˜I œcolibrì$v41 300 $a Trad. di Michele Lo Buono. 410 0$1001LO10041077$12001 $a˜I œcolibrì$v41 500 10$aArms and armour .$3SBL0438670$9SBLV171250$93636608 606 $aArmi$xStoria$2FIR$3RMLC098013$9I 606 $aArmature$xStoria$2FIR$3SBLC009209$9E 676 $a739.7$9ARMI E ARMATURE$v22 700 1$aWilkinson$b, Frederick$3SBLV171250$4070$01447298 702 1$aLo Buono$b, Michele$3CFIV017854 702 1$aBatchelor$b, John H.$3LO1V157860 702 1$aGay$b, Arthur$3MODV653444 801 3$aIT$bIT-01$c20030313 850 $aIT-RM0289 $aIT-FR0017 899 $aBiblioteca Statale A. Baldini$bRM0289 899 $aBiblioteca umanistica Giorgio Aprea$bFR0017 $eN 912 $aSBL0438669 950 0$aBiblioteca umanistica Giorgio Aprea$d 52DCB Wil.Arm.$e 52SBA0000234535 VMB RS $fA $h20190503$i20190503 977 $a 04$a 52 996 $aArms and armour$93636608 997 $aUNICAS